Diseño de un servidor DDE (intercambio dinámico de datos) para la comunicación, vía puerto serial RS-232, con el controlador lógico programable D-50 de Cutler-Hammer
Gorde:
| Egile nagusia: | |
|---|---|
| Formatua: | Liburua |
| Argitaratua: |
San José, C.R
2001
|
| Gaiak: | |
| Etiketak: |
Etiketa erantsi
Etiketarik gabe, Izan zaitez lehena erregistro honi etiketa jartzen!
|
MARC
| LEADER | 00000nam a2200000Ia 4500 | ||
|---|---|---|---|
| 003 | 008898 | ||
| 005 | 20221231144156.0 | ||
| 008 | 140114s2001 cr a m 000 ||s d | ||
| 040 | |c cru CEDI | ||
| 090 | |a TFG 4459 | ||
| 100 | |a Morales Fonseca, Luis Diego |9 7468 | ||
| 245 | |a Diseño de un servidor DDE (intercambio dinámico de datos) para la comunicación, vía puerto serial RS-232, con el controlador lógico programable D-50 de Cutler-Hammer | ||
| 260 | |c 2001 |a San José, C.R | ||
| 300 | |a x, 24 hojas : ilustraciones | ||
| 500 | |a Proyecto de graduación (bachillerato en ingeniería eléctrica)--Universidad de Costa Rica. Facultad de Ingeniería. Escuela de Ingeniería Eléctrica | ||
| 650 | |x PROGRAMAS PARA COMPUTADORA |x SISTEMAS DE TRANSMISION DE DATOS |x CONTROLADORES LOGICOS PROGRAMABLES |x PROGRAMAS PARA COMPUTADORA |x DISEÑO |9 7469 | ||
| 942 | |c TFG | ||
| 999 | |c 17982 |d 17982 | ||
